120 personnages de The Walking Dead - Statistiques

Statistiques générales
  • Ce quiz a été pris 671 fois
  • Le résultat moyen est 54 sur 120
Statistiques - réponses
Personnages % Correct
1 Rick Grimes
97%
3 Carl Grimes
95%
15 Daryl Dixon
94%
16 Carol Peletier
93%
63 Negan
91%
2 Lori Grimes
90%
21 Maggie Greene
90%
9 Glenn Rhee
89%
4 Judith Grimes
89%
27 Michonne
89%
39 Abraham Ford
87%
6 Shane Walsh
86%
19 Merle Dixon
85%
40 Rosita Espinosa
85%
7 Andrea Harssion
84%
26 Le Gouverneur
82%
22 Beth Greene
81%
41 Eugene Porter
81%
23 Hershel Greene
81%
114 Hershel Rhee
81%
20 Morgan Jones
80%
86 Alpha
78%
48 Ron Anderson
76%
37 Tara Chambler
75%
32 Sasha
74%
87 Beta
73%
8 Dale Horvath
73%
17 Sophia Peletier
73%
50 Aaron
71%
67 Ezekiel
71%
61 Dwight
69%
42 Gabriel Stokes
69%
60 Paul "Jesus" Rovia
68%
10 T-Dog
68%
62 Simon
66%
33 Tyreese
63%
56 Enid
62%
34 Bob Stookey
61%
11 Amy
58%
18 Ed Peletier
58%
98 Princess
53%
53 Reg Monroe
52%
68 Jerry
51%
5 RJ Grimes
50%
91 Connie
49%
77 Henry Peletier
48%
44 Noah
47%
90 Magna
46%
45 Deanna Monroe
45%
66 Jadis
45%
52 Spencer Monroe
45%
89 Yumiko
45%
46 Jessie Anderson
43%
88 Lidya
42%
35 Lizzie Samuels
42%
51 Eric
41%
64 Gregory
41%
13 Jim
41%
83 Siddiq
41%
14 Morales
40%
79 Alden
39%
25 Otis
39%
117 Patricia
38%
47 Sam Anderson
38%
99 Leah
36%
116 Duane JoneS
35%
57 Denise Cloyd
34%
12 Jacqui
34%
92 Kelly
34%
104 Mercer
34%
36 Mika Samuels
34%
54 Olivia
34%
31 Axel
33%
93 Luke
33%
106 Pamela Milton
33%
43 Gareth
32%
28 Milton Mamet
31%
100 Lucille
30%
49 Pete Anderson
30%
84 Nabila
29%
96 Gamma
28%
24 Jimmy
28%
69 Benjamin
27%
72 Cyndie
26%
55 Nicholas
26%
76 Arat
25%
70 Laura
25%
101 Gracie
24%
59 Heath
24%
29 Caesar Martinez
23%
30 Karen
23%
107 Lance Hornsby
23%
103 Stephanie
23%
118 Coco
20%
110 Elijah
20%
58 Tobin
20%
38 Lily Chambler
19%
75 Rachel
19%
95 Earl Sutton
18%
109 Sebastien Milton
18%
102 Beatrice
17%
82 Diane
17%
65 Francine
17%
71 Richard
17%
94 Tammy Rose
17%
111 Annie Smith
15%
97 Dante
15%
81 Scott
15%
85 Dj
14%
112 Jules Butler
14%
113 Carver
12%
80 Jared
12%
120 Addy
11%
74 Kathy
11%
105 Tomi
11%
108 Agatha
10%
78 Frankie
9%
73 Natania
9%
119 Roodney
9%
115 April
8%
Aucun quiz correspondant
Distribution des résultats
% des personnes avec chaque résultat
Percentile par nombre de réponses
Votre historique - résultats
Vous n’avez pas pris ce quiz